UBT Library

Revolution and tradition in modern American art. (Record no. 45067)

000 -LEADER
fixed length control field 00657cam a22002411 4500
001 - CONTROL NUMBER
control field 6964656
005 - DATE AND TIME OF LATEST TRANSACTION
control field 20180315044121.0
008 - FIXED-LENGTH DATA ELEMENTS--GENERAL INFORMATION
fixed length control field 740402s1951 mauf b 000 0 eng
010 ## - LIBRARY OF CONGRESS CONTROL NUMBER
LC control number 51013174
015 ## - NATIONAL BIBLIOGRAPHY NUMBER
National bibliography number GB52-5728
035 ## - SYSTEM CONTROL NUMBER
System control number (OCoLC)847581
040 ## - CATALOGING SOURCE
Original cataloging agency DLC
Transcribing agency MeWC
Modifying agency OCoLC
-- ODaWU
-- OCoLC
-- Uk
-- DLC
041 ## - LANGUAGE CODE
Language code of text/sound track or separate title eng
042 ## - AUTHENTICATION CODE
Authentication code premarc
080 ## - UNIVERSAL DECIMAL CLASSIFICATION NUMBER
Universal Decimal Classification number 709.73 BAU
082 ## - DEWEY DECIMAL CLASSIFICATION NUMBER
Classification number 709.73 BAU
100 1# - Rafti
Rafti 44
101 ## - Shkurtesa
Shkurtesa ART
245 10 - TITLE STATEMENT
Title Revolution and tradition in modern American art.
504 ## - BIBLIOGRAPHY, ETC. NOTE
Bibliography, etc Bibliographical references included in "Notes" (p. 157-160)
906 ## - LOCAL DATA ELEMENT F, LDF (RLIN)
a 7
b cbc
c oclcrpl
d u
e ncip
f 19
g y-gencatlg
942 ## - ADDED ENTRY ELEMENTS (KOHA)
Source of classification or shelving scheme
Item type Books
Holdings
Withdrawn status Lost status Source of classification or shelving scheme Damaged status Not for loan Collection code Permanent location Current location Shelving location Date acquired Total Checkouts Full call number Barcode Date last seen Price effective from Koha item type
          Koleksioni i përgjithshem UBT - Lipjan UBT - Lipjan Koleksioni i përgjithshem 03/15/2018   709.73 BAU 002-3001843 03/15/2018 03/15/2018 Books
UBT Library © 2015-2024. All rights reserved University Education for Business and Technology